Statistics for Countries by Borders and Almost-Borders in 30 Seconds with a Map

Click here to take the quiz!

General Stats

  • This quiz has been taken 1,609 times
  • The average score is 132 of 157

Answer Stats

Answers Country % Correct
23 - Austria, Belgium, Czech Republic, Denmark, France, Luxembourg, Netherlands, Poland, Switzerland, Andorra, Belarus, Brazil, Hungary, Italy, Liechtenstein, Lithuania, Monaco, Russia, Slovakia, Slovenia, Spain, Suriname, UkraineGermany
99%
20 - Afghanistan, Armenia, Azerbaijan, Iraq, Pakistan, Turkey, Turkmenistan, Bulgaria, China, Georgia, Greece, India, Jordan, Kazakhstan, Kuwait, Russia, Saudi Arabia, Syria, Tajikistan, UzbekistanIran
99%
37 - Azerbaijan, Belarus, China, Estonia, Finland, Georgia, Kazakhstan, Latvia, Lithuania, Mongolia, North Korea, Norway, Poland, Ukraine, Afghanistan, Armenia, Bhutan, Burma, Czech Republic, Germany, Hungary, India, Iran, Kyrgyzstan, Laos, Moldova, Nepal, Pakistan, Romania, Slovakia, South Korea, Sweden, Tajikistan, Turkey, Turkmenistan, Uzbekistan, VietnamRussia
99%
25 - China, Russia, South Korea, Afghanistan, Azerbaijan, Belarus, Bhutan, Burma, Estonia, Finland, Georgia, India, Kazakhstan, Kyrgyzstan, Laos, Latvia, Lithuania, Mongolia, Nepal, Norway, Pakistan, Poland, Tajikistan, Ukraine, VietnamNorth Korea
98%
19 - Brazil, France, Guyana, Andorra, Argentina, Belgium, Bolivia, Colombia, Germany, Italy, Luxembourg, Monaco, Netherlands, Paraguay, Peru, Spain, Switzerland, Uruguay, VenezuelaSuriname
98%
17 - Andorra, France, Morocco, Portugal, United Kingdom, Algeria, Belgium, Brazil, Germany, Ireland, Italy, Luxembourg, Mauritania, Monaco, Netherlands, Suriname, SwitzerlandSpain
98%
32 - Afghanistan, Bhutan, Burma, India, Kazakhstan, Kyrgyzstan, Laos, Mongolia, Nepal, North Korea, Pakistan, Russia, Tajikistan, Vietnam, Azerbaijan, Bangladesh, Belarus, Cambodia, Estonia, Finland, Georgia, Iran, Latvia, Lithuania, Norway, Poland, South Korea, Sri Lanka, Thailand, Turkmenistan, Ukraine, UzbekistanChina
98%
18 - Bangladesh, Bhutan, Burma, China, Nepal, Pakistan, Sri Lanka, Afghanistan, Iran, Kazakhstan, Kyrgyzstan, Laos, Mongolia, North Korea, Russia, Tajikistan, Thailand, VietnamIndia
98%
27 - Belarus, Czech Republic, Germany, Lithuania, Russia, Slovakia, Ukraine, Austria, Azerbaijan, Belgium, China, Denmark, Estonia, Finland, France, Georgia, Hungary, Kazakhstan, Latvia, Luxembourg, Moldova, Mongolia, Netherlands, North Korea, Norway, Romania, SwitzerlandPoland
98%
23 - Afghanistan, China, India, Iran, Armenia, Azerbaijan, Bangladesh, Bhutan, Burma, Iraq, Kazakhstan, Kyrgyzstan, Laos, Mongolia, Nepal, North Korea, Russia, Sri Lanka, Tajikistan, Turkey, Turkmenistan, Uzbekistan, VietnamPakistan
98%
15 - Belgium, France, Germany, Andorra, Austria, Brazil, Czech Republic, Denmark, Italy, Luxembourg, Monaco, Poland, Spain, Suriname, SwitzerlandNetherlands
98%
21 - Austria, France, Germany, Italy, Liechtenstein, Andorra, Belgium, Brazil, Czech Republic, Denmark, Hungary, Luxembourg, Monaco, Netherlands, Poland, San Marino, Slovakia, Slovenia, Spain, Suriname, Vatican CitySwitzerland
98%
16 - China, India, Afghanistan, Bangladesh, Bhutan, Burma, Kazakhstan, Kyrgyzstan, Laos, Mongolia, North Korea, Pakistan, Russia, Sri Lanka, Tajikistan, VietnamNepal
98%
24 - China, Russia, Afghanistan, Azerbaijan, Belarus, Bhutan, Burma, Estonia, Finland, Georgia, India, Kazakhstan, Kyrgyzstan, Laos, Latvia, Lithuania, Nepal, North Korea, Norway, Pakistan, Poland, Tajikistan, Ukraine, VietnamMongolia
98%
30 - Andorra, Belgium, Brazil, Germany, Italy, Luxembourg, Monaco, Netherlands, Spain, Suriname, Switzerland, Argentina, Austria, Bolivia, Colombia, Czech Republic, Denmark, Guyana, Liechtenstein, Morocco, Paraguay, Peru, Poland, Portugal, San Marino, Slovenia, United Kingdom, Uruguay, Vatican City, VenezuelaFrance
98%
15 - Belgium, France, Germany, Andorra, Austria, Brazil, Czech Republic, Denmark, Italy, Monaco, Netherlands, Poland, Spain, Suriname, SwitzerlandLuxembourg
98%
18 - Burma, Cambodia, China, Thailand, Vietnam, Afghanistan, Bangladesh, Bhutan, India, Kazakhstan, Kyrgyzstan, Malaysia, Mongolia, Nepal, North Korea, Pakistan, Russia, TajikistanLaos
98%
16 - China, Kazakhstan, Tajikistan, Uzbekistan, Afghanistan, Bhutan, Burma, India, Laos, Mongolia, Nepal, North Korea, Pakistan, Russia, Turkmenistan, VietnamKyrgyzstan
98%
27 - China, Kyrgyzstan, Russia, Turkmenistan, Uzbekistan, Afghanistan, Azerbaijan, Belarus, Bhutan, Burma, Estonia, Finland, Georgia, India, Iran, Laos, Latvia, Lithuania, Mongolia, Nepal, North Korea, Norway, Pakistan, Poland, Tajikistan, Ukraine, VietnamKazakhstan
98%
19 - Bangladesh, China, India, Laos, Thailand, Afghanistan, Bhutan, Cambodia, Kazakhstan, Kyrgyzstan, Malaysia, Mongolia, Nepal, North Korea, Pakistan, Russia, Sri Lanka, Tajikistan, VietnamMyanmar
98%
21 - China, Iran, Pakistan, Tajikistan, Turkmenistan, Uzbekistan, Armenia, Azerbaijan, Bhutan, Burma, India, Iraq, Kazakhstan, Kyrgyzstan, Laos, Mongolia, Nepal, North Korea, Russia, Turkey, VietnamAfghanistan
98%
17 - Afghanistan, China, Kyrgyzstan, Uzbekistan, Bhutan, Burma, India, Iran, Kazakhstan, Laos, Mongolia, Nepal, North Korea, Pakistan, Russia, Turkmenistan, VietnamTajikistan
98%
16 - China, India, Afghanistan, Bangladesh, Burma, Kazakhstan, Kyrgyzstan, Laos, Mongolia, Nepal, North Korea, Pakistan, Russia, Sri Lanka, Tajikistan, VietnamBhutan
98%
22 - Argentina, Bolivia, Colombia, France, Guyana, Paraguay, Peru, Suriname, Uruguay, Venezuela, Andorra, Belgium, Chile, Ecuador, Germany, Italy, Luxembourg, Monaco, Netherlands, Panama, Spain, SwitzerlandBrazil
98%
20 - Latvia, Lithuania, Poland, Russia, Ukraine, Azerbaijan, China, Czech Republic, Estonia, Finland, Georgia, Germany, Hungary, Kazakhstan, Moldova, Mongolia, North Korea, Norway, Romania, SlovakiaBelarus
98%
15 - France, Germany, Luxembourg, Netherlands, Andorra, Austria, Brazil, Czech Republic, Denmark, Italy, Monaco, Poland, Spain, Suriname, SwitzerlandBelgium
98%
16 - Cambodia, China, Laos, Afghanistan, Bhutan, Burma, India, Kazakhstan, Kyrgyzstan, Mongolia, Nepal, North Korea, Pakistan, Russia, Tajikistan, ThailandVietnam
98%
25 - Belarus, Hungary, Moldova, Poland, Romania, Russia, Slovakia, Austria, Azerbaijan, Bulgaria, China, Croatia, Czech Republic, Estonia, Finland, Georgia, Germany, Kazakhstan, Latvia, Lithuania, Mongolia, North Korea, Norway, Serbia, SloveniaUkraine
98%
24 - Armenia, Georgia, Iran, Russia, Turkey, Afghanistan, Belarus, Bulgaria, China, Estonia, Finland, Greece, Iraq, Kazakhstan, Latvia, Lithuania, Mongolia, North Korea, Norway, Pakistan, Poland, Syria, Turkmenistan, UkraineAzerbaijan
98%
15 - Finland, Russia, Sweden, Azerbaijan, Belarus, China, Estonia, Georgia, Kazakhstan, Latvia, Lithuania, Mongolia, North Korea, Poland, UkraineNorway
97%
15 - Norway, Russia, Sweden, Azerbaijan, Belarus, China, Estonia, Georgia, Kazakhstan, Latvia, Lithuania, Mongolia, North Korea, Poland, UkraineFinland
97%
21 - Armenia, Azerbaijan, Russia, Turkey, Belarus, Bulgaria, China, Estonia, Finland, Greece, Iran, Iraq, Kazakhstan, Latvia, Lithuania, Mongolia, North Korea, Norway, Poland, Syria, UkraineGeorgia
97%
11 - France, Andorra, Belgium, Brazil, Germany, Italy, Luxembourg, Netherlands, Spain, Suriname, SwitzerlandMonaco
97%
17 - Belarus, Latvia, Poland, Russia, Azerbaijan, China, Czech Republic, Estonia, Finland, Georgia, Germany, Kazakhstan, Mongolia, North Korea, Norway, Slovakia, UkraineLithuania
97%
14 - France, Spain, Belgium, Brazil, Germany, Italy, Luxembourg, Monaco, Morocco, Netherlands, Portugal, Suriname, Switzerland, United KingdomAndorra
97%
20 - Austria, France, San Marino, Slovenia, Switzerland, Vatican City, Andorra, Belgium, Brazil, Croatia, Czech Republic, Germany, Hungary, Liechtenstein, Luxembourg, Monaco, Netherlands, Slovakia, Spain, SurinameItaly
97%
11 - Bolivia, Brazil, Chile, Paraguay, Uruguay, Colombia, France, Guyana, Peru, Suriname, VenezuelaArgentina
96%
6 - Belize, Guatemala, United States, Canada, El Salvador, HondurasMexico
96%
14 - Belarus, Estonia, Lithuania, Russia, Azerbaijan, China, Finland, Georgia, Kazakhstan, Mongolia, North Korea, Norway, Poland, UkraineLatvia
96%
10 - Brazil, Suriname, Venezuela, Argentina, Bolivia, Colombia, France, Paraguay, Peru, UruguayGuyana
96%
14 - Latvia, Russia, Azerbaijan, Belarus, China, Finland, Georgia, Kazakhstan, Lithuania, Mongolia, North Korea, Norway, Poland, UkraineEstonia
96%
12 - Brazil, Colombia, Guyana, Argentina, Bolivia, Ecuador, France, Panama, Paraguay, Peru, Suriname, UruguayVenezuela
96%
14 - Brazil, Ecuador, Panama, Peru, Venezuela, Argentina, Bolivia, Chile, Costa Rica, France, Guyana, Paraguay, Suriname, UruguayColombia
96%
12 - Argentina, Brazil, Chile, Paraguay, Peru, Colombia, Ecuador, France, Guyana, Suriname, Uruguay, VenezuelaBolivia
96%
13 - Afghanistan, Iran, Kazakhstan, Uzbekistan, Armenia, Azerbaijan, China, Iraq, Kyrgyzstan, Pakistan, Russia, Tajikistan, TurkeyTurkmenistan
96%
11 - Argentina, Brazil, Bolivia, Chile, Colombia, France, Guyana, Paraguay, Peru, Suriname, VenezuelaUruguay
96%
19 - Central African Republic, Chad, Egypt, Eritrea, Ethiopia, Libya, South Sudan, Algeria, Cameroon, Democratic Republic of the Congo, Djibouti, Israel, Kenya, Niger, Nigeria, Republic of the Congo, Somalia, Tunisia, UgandaSudan
96%
11 - Argentina, Bolivia, Brazil, Chile, Colombia, France, Guyana, Peru, Suriname, Uruguay, VenezuelaParaguay
96%
19 - Central African Republic, Democratic Republic of the Congo, Ethiopia, Kenya, Sudan, Uganda, Angola, Burundi, Cameroon, Chad, Djibouti, Egypt, Eritrea, Libya, Republic of the Congo, Rwanda, Somalia, Tanzania, ZambiaSouth Sudan
96%
13 - Bolivia, Brazil, Chile, Colombia, Ecuador, Argentina, France, Guyana, Panama, Paraguay, Suriname, Uruguay, VenezuelaPeru
96%
19 - Cameroon, Central African Republic, Libya, Niger, Nigeria, Sudan, Algeria, Benin, Burkina Faso, Democratic Republic of the Congo, Egypt, Equatorial Guinea, Eritrea, Ethiopia, Gabon, Mali, Republic of the Congo, South Sudan, TunisiaChad
96%
17 - Angola, Botswana, Democratic Republic of the Congo, Malawi, Mozambique, Namibia, Tanzania, Zimbabwe, Burundi, Central African Republic, Kenya, Republic of the Congo, Rwanda, South Africa, South Sudan, Swaziland, UgandaZambia
95%
21 - Armenia, Azerbaijan, Bulgaria, Georgia, Greece, Iran, Iraq, Syria, Afghanistan, Albania, Israel, Jordan, Kuwait, Lebanon, Macedonia, Pakistan, Romania, Russia, Saudi Arabia, Serbia, TurkmenistanTurkey
95%
2 - United States, MexicoCanada
95%
15 - Malawi, South Africa, Swaziland, Tanzania, Zambia, Zimbabwe, Angola, Botswana, Burundi, Democratic Republic of the Congo, Kenya, Lesotho, Namibia, Rwanda, UgandaMozambique
95%
19 - Burundi, Democratic Republic of the Congo, Kenya, Malawi, Mozambique, Rwanda, Uganda, Zambia, Angola, Botswana, Central African Republic, Ethiopia, Namibia, Republic of the Congo, Somalia, South Africa, South Sudan, Swaziland, ZimbabweTanzania
95%
14 - Mozambique, Tanzania, Zambia, Angola, Botswana, Burundi, Democratic Republic of the Congo, Kenya, Namibia, Rwanda, South Africa, Swaziland, Uganda, ZimbabweMalawi
95%
9 - Afghanistan, Kazakhstan, Kyrgyzstan, Tajikistan, Turkmenistan, China, Iran, Pakistan, RussiaUzbekistan
95%
4 - Canada, Mexico, Belize, GuatemalaUnited States
95%
13 - Djibouti, Eritrea, Kenya, Somalia, South Sudan, Sudan, Central African Republic, Chad, Democratic Republic of the Congo, Egypt, Libya, Tanzania, UgandaEthiopia
95%
17 - Austria, Czech Republic, Hungary, Poland, Ukraine, Belarus, Croatia, Germany, Italy, Liechtenstein, Lithuania, Moldova, Romania, Russia, Serbia, Slovenia, SwitzerlandSlovakia
94%
14 - Benin, Cameroon, Chad, Niger, Algeria, Burkina Faso, Central African Republic, Equatorial Guinea, Gabon, Libya, Mali, Republic of the Congo, Sudan, TogoNigeria
94%
12 - Angola, Botswana, South Africa, Zambia, Democratic Republic of the Congo, Lesotho, Malawi, Mozambique, Republic of the Congo, Swaziland, Tanzania, ZimbabweNamibia
94%
11 - Botswana, Mozambique, South Africa, Zambia, Angola, Democratic Republic of the Congo, Lesotho, Malawi, Namibia, Swaziland, TanzaniaZimbabwe
94%
11 - Namibia, South Africa, Zambia, Zimbabwe, Angola, Democratic Republic of the Congo, Lesotho, Malawi, Mozambique, Swaziland, TanzaniaBotswana
94%
18 - Austria, Germany, Poland, Slovakia, Belarus, Belgium, Denmark, France, Hungary, Italy, Liechtenstein, Lithuania, Luxembourg, Netherlands, Russia, Slovenia, Switzerland, UkraineCzech Republic
94%
17 - Democratic Republic of the Congo, Namibia, Republic of the Congo, Zambia, Botswana, Burundi, Cameroon, Central African Republic, Gabon, Malawi, Mozambique, Rwanda, South Africa, South Sudan, Tanzania, Uganda, ZimbabweAngola
94%
21 - Cameroon, Chad, Democratic Republic of the Congo, Republic of the Congo, South Sudan, Sudan, Angola, Burundi, Egypt, Equatorial Guinea, Eritrea, Ethiopia, Gabon, Kenya, Libya, Niger, Nigeria, Rwanda, Tanzania, Uganda, ZambiaCentral African
Republic
94%
16 - Libya, Mali, Mauritania, Morocco, Niger, Tunisia, Benin, Burkina Faso, Chad, Cote d'Ivoire, Egypt, Guinea, Nigeria, Senegal, Spain, SudanAlgeria
94%
6 - Belize, El Salvador, Honduras, Mexico, Nicaragua, United StatesGuatemala
94%
5 - Guatemala, Mexico, El Salvador, Honduras, United StatesBelize
94%
21 - Austria, Croatia, Romania, Serbia, Slovakia, Slovenia, Ukraine, Belarus, Bosnia and Herzegovina, Bulgaria, Czech Republic, Germany, Italy, Kosovo, Liechtenstein, Macedonia, Moldova, Montenegro, Poland, Russia, SwitzerlandHungary
94%
19 - Algeria, Benin, Burkina Faso, Chad, Libya, Mali, Nigeria, Cameroon, Central African Republic, Cote d'Ivoire, Egypt, Ghana, Guinea, Mauritania, Morocco, Senegal, Sudan, Togo, TunisiaNiger
93%
3 - North Korea, China, RussiaSouth Korea
93%
13 - Central African Republic, Chad, Equatorial Guinea, Gabon, Nigeria, Republic of the Congo, Angola, Benin, Democratic Republic of the Congo, Libya, Niger, South Sudan, SudanCameroon
93%
18 - Algeria, Chad, Egypt, Niger, Sudan, Tunisia, Benin, Burkina Faso, Cameroon, Central African Republic, Eritrea, Ethiopia, Israel, Mali, Mauritania, Morocco, Nigeria, South SudanLibya
93%
9 - Algeria, Libya, Chad, Egypt, Mali, Mauritania, Morocco, Niger, SudanTunisia
92%
16 - Angola, Cameroon, Central African Republic, Democratic Republic of the Congo, Gabon, Burundi, Chad, Equatorial Guinea, Namibia, Nigeria, Rwanda, South Sudan, Sudan, Tanzania, Uganda, ZambiaRep. of the Congo
92%
12 - Algeria, Mauritania, Spain, Andorra, France, Libya, Mali, Niger, Portugal, Senegal, Tunisia, United KingdomMorocco
92%
18 - Bulgaria, Hungary, Moldova, Serbia, Ukraine, Austria, Belarus, Bosnia and Herzegovina, Croatia, Greece, Kosovo, Macedonia, Montenegro, Poland, Russia, Slovakia, Slovenia, TurkeyRomania
92%
7 - Colombia, Costa Rica, Brazil, Ecuador, Nicaragua, Peru, VenezuelaPanama
91%
8 - Argentina, Bolivia, Peru, Brazil, Colombia, Ecuador, Paraguay, UruguayChile
91%
7 - Colombia, Peru, Bolivia, Brazil, Chile, Panama, VenezuelaEcuador
91%
15 - Democratic Republic of the Congo, Kenya, Rwanda, South Sudan, Tanzania, Angola, Burundi, Central African Republic, Ethiopia, Malawi, Mozambique, Republic of the Congo, Somalia, Sudan, ZambiaUganda
91%
15 - Ethiopia, Somalia, South Sudan, Tanzania, Uganda, Burundi, Central African Republic, Democratic Republic of the Congo, Djibouti, Eritrea, Malawi, Mozambique, Rwanda, Sudan, ZambiaKenya
91%
14 - Israel, Libya, Sudan, Algeria, Central African Republic, Chad, Eritrea, Ethiopia, Jordan, Lebanon, Niger, South Sudan, Syria, TunisiaEgypt
89%
3 - Finland, Norway, RussiaSweden
89%
20 - Angola, Burundi, Central African Republic, Republic of the Congo, Rwanda, South Sudan, Tanzania, Uganda, Zambia, Botswana, Cameroon, Chad, Ethiopia, Gabon, Kenya, Malawi, Mozambique, Namibia, Sudan, ZimbabweD. R. Congo
89%
13 - Iraq, Israel, Saudi Arabia, Syria, Egypt, Iran, Kuwait, Lebanon, Oman, Qatar, Turkey, United Arab Emirates, YemenJordan
88%
19 - Algeria, Burkina Faso, Cote d'Ivoire, Guinea, Mauritania, Niger, Senegal, Benin, Chad, Gambia, Ghana, Guinea-Bissau, Liberia, Libya, Morocco, Nigeria, Sierra Leone, Togo, TunisiaMali
88%
8 - Cameroon, Equatorial Guinea, Republic of the Congo, Angola, Central African Republic, Chad, Democratic Republic of the Congo, NigeriaGabon
88%
14 - Benin, Cote d'Ivoire, Ghana, Mali, Niger, Togo, Algeria, Chad, Guinea, Liberia, Libya, Mauritania, Nigeria, SenegalBurkina Faso
88%
12 - Azerbaijan, Georgia, Iran, Turkey, Afghanistan, Bulgaria, Greece, Iraq, Pakistan, Russia, Syria, TurkmenistanArmenia
88%
11 - Burkina Faso, Niger, Nigeria, Togo, Algeria, Cameroon, Chad, Cote d'Ivoire, Ghana, Libya, MaliBenin
87%
20 - Iran, Jordan, Kuwait, Saudi Arabia, Syria, Turkey, Afghanistan, Armenia, Azerbaijan, Bulgaria, Georgia, Greece, Israel, Lebanon, Oman, Pakistan, Qatar, Turkmenistan, United Arab Emirates, YemenIraq
87%
13 - Algeria, Mali, Morocco, Senegal, Burkina Faso, Cote d'Ivoire, Gambia, Guinea, Guinea-Bissau, Libya, Niger, Spain, TunisiaMauritania
86%
9 - Romania, Ukraine, Belarus, Bulgaria, Hungary, Poland, Russia, Serbia, SlovakiaMoldova
86%
14 - Iraq, Israel, Jordan, Lebanon, Turkey, Armenia, Azerbaijan, Bulgaria, Egypt, Georgia, Greece, Iran, Kuwait, Saudi ArabiaSyria
86%
11 - Iraq, Jordan, Kuwait, Oman, Qatar, United Arab Emirates, Yemen, Iran, Israel, Syria, TurkeySaudi Arabia
85%
10 - Iraq, Saudi Arabia, Iran, Jordan, Oman, Qatar, Syria, Turkey, United Arab Emirates, YemenKuwait
85%
9 - Egypt, Jordan, Lebanon, Syria, Iraq, Libya, Saudi Arabia, Sudan, TurkeyIsrael
85%
7 - Oman, Saudi Arabia, Iraq, Jordan, Kuwait, Qatar, United Arab EmiratesYemen
83%
12 - Burundi, Democratic Republic of the Congo, Tanzania, Uganda, Angola, Central African Republic, Kenya, Malawi, Mozambique, Republic of the Congo, South Sudan, ZambiaRwanda
83%
12 - Democratic Republic of the Congo, Rwanda, Tanzania, Angola, Central African Republic, Kenya, Malawi, Mozambique, Republic of the Congo, South Sudan, Uganda, ZambiaBurundi
83%
7 - Saudi Arabia, United Arab Emirates, Yemen, Iraq, Jordan, Kuwait, QatarOman
83%
10 - Burma, Cambodia, Laos, Malaysia, Bangladesh, Brunei, China, India, Indonesia, VietnamThailand
83%
7 - Saudi Arabia, United Arab Emirates, Iraq, Jordan, Kuwait, Oman, YemenQatar
83%
7 - Oman, Qatar, Saudi Arabia, Iraq, Jordan, Kuwait, YemenUnited Arab Emirates
80%
13 - Burkina Faso, Ghana, Guinea, Liberia, Mali, Algeria, Benin, Guinea-Bissau, Mauritania, Niger, Senegal, Sierra Leone, TogoCôte d'Ivoire
80%
10 - Djibouti, Ethiopia, Sudan, Central African Republic, Chad, Egypt, Kenya, Libya, Somalia, South SudanEritrea
80%
12 - Gambia, Guinea, Guinea-Bissau, Mali, Mauritania, Algeria, Burkina Faso, Cote d'Ivoire, Liberia, Morocco, Niger, Sierra LeoneSenegal
80%
20 - Czech Republic, Germany, Hungary, Italy, Liechtenstein, Slovakia, Slovenia, Switzerland, Belgium, Croatia, Denmark, France, Luxembourg, Netherlands, Poland, Romania, San Marino, Serbia, Ukraine, Vatican CityAustria
80%
6 - Cameroon, Gabon, Central African Republic, Chad, Nigeria, Republic of the CongoEquatorial Guinea
80%
12 - Cote d'Ivoire, Guinea-Bissau, Liberia, Mali, Senegal, Sierra Leone, Algeria, Burkina Faso, Gambia, Ghana, Mauritania, NigerGuinea
79%
10 - Botswana, Lesotho, Mozambique, Namibia, Swaziland, Zimbabwe, Angola, Malawi, Tanzania, ZambiaSouth Africa
78%
5 - Spain, Andorra, France, Morocco, United KingdomPortugal
78%
6 - Ireland, Spain, Andorra, France, Morocco, PortugalUnited Kingdom
78%
9 - Mozambique, South Africa, Botswana, Lesotho, Malawi, Namibia, Tanzania, Zambia, ZimbabweSwaziland
77%
17 - Austria, Croatia, Hungary, Italy, Bosnia and Herzegovina, Czech Republic, France, Germany, Liechtenstein, Montenegro, Romania, San Marino, Serbia, Slovakia, Switzerland, Ukraine, Vatican CitySlovenia
75%
6 - South Africa, Botswana, Mozambique, Namibia, Swaziland, ZimbabweLesotho
73%
9 - Burma, India, Bhutan, China, Laos, Nepal, Pakistan, Sri Lanka, ThailandBangladesh
72%
8 - Burkina Faso, Cote d'Ivoire, Togo, Benin, Guinea, Liberia, Mali, NigerGhana
69%
19 - Greece, Macedonia, Romania, Serbia, Turkey, Albania, Armenia, Azerbaijan, Bosnia and Herzegovina, Croatia, Georgia, Hungary, Iran, Iraq, Kosovo, Moldova, Montenegro, Syria, UkraineBulgaria
69%
9 - Germany, Austria, Belgium, Czech Republic, France, Luxembourg, Netherlands, Poland, SwitzerlandDenmark
68%
14 - Albania, Bulgaria, Macedonia, Turkey, Armenia, Azerbaijan, Georgia, Iran, Iraq, Kosovo, Montenegro, Romania, Serbia, SyriaGreece
67%
7 - Benin, Burkina Faso, Ghana, Cote d'Ivoire, Mali, Niger, NigeriaTogo
67%
6 - Laos, Thailand, Vietnam, Burma, China, MalaysiaCambodia
66%
7 - India, Bangladesh, Bhutan, Burma, China, Nepal, PakistanSri Lanka
66%
16 - Bosnia and Herzegovina, Bulgaria, Croatia, Hungary, Kosovo, Macedonia, Montenegro, Romania, Albania, Austria, Greece, Moldova, Slovakia, Slovenia, Turkey, UkraineSerbia
66%
2 - United Kingdom, SpainIreland
65%
11 - Albania, Bulgaria, Greece, Kosovo, Serbia, Bosnia and Herzegovina, Croatia, Hungary, Montenegro, Romania, TurkeyMacedonia
64%
8 - Brunei, Indonesia, Thailand, Burma, Cambodia, East Timor, Laos, Papua New GuineaMalaysia
64%
5 - East Timor, Malaysia, Papua New Guinea, Brunei, ThailandIndonesia
63%
9 - Austria, Switzerland, Czech Republic, France, Germany, Hungary, Italy, Slovakia, SloveniaLiechtenstein
62%
6 - El Salvador, Guatemala, Nicaragua, Belize, Costa Rica, MexicoHonduras
62%
5 - Costa Rica, Honduras, El Salvador, Guatemala, PanamaNicaragua
62%
11 - Albania, Bosnia and Herzegovina, Croatia, Kosovo, Serbia, Bulgaria, Greece, Hungary, Macedonia, Romania, SloveniaMontenegro
61%
8 - Djibouti, Ethiopia, Kenya, Eritrea, South Sudan, Sudan, Tanzania, UgandaSomalia
61%
8 - Cote d'Ivoire, Guinea, Sierra Leone, Burkina Faso, Ghana, Guinea-Bissau, Mali, SenegalLiberia
61%
9 - Greece, Kosovo, Macedonia, Montenegro, Bosnia and Herzegovina, Bulgaria, Croatia, Serbia, TurkeyAlbania
61%
10 - Albania, Macedonia, Montenegro, Serbia, Bosnia and Herzegovina, Bulgaria, Croatia, Greece, Hungary, RomaniaKosovo
61%
3 - Indonesia, Malaysia, Papua New GuineaEast Timor
61%
3 - Malaysia, Indonesia, ThailandBrunei
61%
14 - Bosnia and Herzegovina, Hungary, Montenegro, Serbia, Slovenia, Albania, Austria, Bulgaria, Italy, Kosovo, Macedonia, Romania, Slovakia, UkraineCroatia
60%
4 - Nicaragua, Panama, Colombia, HondurasCosta Rica
60%
6 - Eritrea, Ethiopia, Somalia, Kenya, South Sudan, SudanDjibouti
60%
3 - Indonesia, East Timor, MalaysiaPapua New Guinea
59%
5 - Guatemala, Honduras, Belize, Mexico, NicaraguaEl Salvador
58%
8 - Guinea, Senegal, Cote d'Ivoire, Gambia, Liberia, Mali, Mauritania, Sierra LeoneGuinea-Bissau
58%
6 - Guinea, Liberia, Cote d'Ivoire, Guinea-Bissau, Mali, SenegalSierra Leone
56%
10 - Croatia, Montenegro, Serbia, Albania, Bulgaria, Hungary, Kosovo, Macedonia, Romania, SloveniaBosnia and
Herzegovina
50%
5 - Senegal, Guinea, Guinea-Bissau, Mali, MauritaniaGambia
50%
6 - Italy, Austria, France, Slovenia, Switzerland, Vatican CitySan Marino
43%
6 - Italy, Austria, France, San Marino, Slovenia, SwitzerlandVatican City
43%
1 - HaitiDominican Republic
36%
1 - Dominican RepublicHaiti
36%
6 - Israel, Syria, Egypt, Iraq, Jordan, TurkeyLebanon
32%

Score Distribution

Percentile by Number Answered

Percent of People with Each Score

Your Score History

You have not taken this quiz